COBRA (Record no. 100721)
[ view plain ]
| 000 -LEADER | |
|---|---|
| fixed length control field | 03571cam a2200925 4500 |
| 008 - FIXED-LENGTH DATA ELEMENTS--GENERAL INFORMATION | |
| fixed length control field | 000000n2000 000 0 eng u |
| 020 ## - INTERNATIONAL STANDARD BOOK NUMBER | |
| International Standard Book Number | 184219027X |
| 035 ## - SYSTEM CONTROL NUMBER | |
| System control number | (Sirsi) u107831 |
| 041 ## - LANGUAGE CODE | |
| Language code of text/sound track or separate title | eng |
| 050 ## - LIBRARY OF CONGRESS CALL NUMBER | |
| Classification number | 690.072 |
| 110 ## - MAIN ENTRY--CORPORATE NAME | |
| Corporate name or jurisdiction name as entry element | Construction and Building Research Conference |
| Number of part/section/meeting | (5th |
| Date of meeting or treaty signing | 2000) |
| 9 (RLIN) | 4461 |
| 245 ## - TITLE STATEMENT | |
| Title | COBRA |
| Remainder of title | construction and building research conference 2000 |
| Medium | [electronic resource] |
| 260 ## - PUBLICATION, DISTRIBUTION, ETC. | |
| Place of publication, distribution, etc. | London |
| Name of publisher, distributor, etc. | RICS |
| Date of publication, distribution, etc. | 2000 |
| 490 ## - SERIES STATEMENT | |
| Series statement | COBRA |
| Volume/sequential designation | 2000 |
| 505 ## - FORMATTED CONTENTS NOTE | |
| Formatted contents note | A behavioural approach to the obsolescence of office property |
| 505 ## - FORMATTED CONTENTS NOTE | |
| Formatted contents note | A pioneer study of survey on major characteristics of value management |
| 505 ## - FORMATTED CONTENTS NOTE | |
| Formatted contents note | Attitudes to risk management in diverse project environments |
| 505 ## - FORMATTED CONTENTS NOTE | |
| Formatted contents note | Competency-based assessment of professional quantity surveying : a South African perspective |
| 505 ## - FORMATTED CONTENTS NOTE | |
| Formatted contents note | Contractor prequalification: have Latham's recommendations had an impact? |
| 505 ## - FORMATTED CONTENTS NOTE | |
| Formatted contents note | Improving the construction project development process through integration and concurrent engineering |
| 505 ## - FORMATTED CONTENTS NOTE | |
| Formatted contents note | Marketing strategies in a changing construction marketplace : a survey of UK construction engineering consulting firms |
| 505 ## - FORMATTED CONTENTS NOTE | |
| Formatted contents note | Modelling decision-making in building surveying |
| 505 2# - FORMATTED CONTENTS NOTE | |
| Formatted contents note | Neural networks as a tool for modelling the decision to bid process |
| 505 2# - FORMATTED CONTENTS NOTE | |
| Formatted contents note | Partnering : 'We all know what we're doing' |
| 505 2# - FORMATTED CONTENTS NOTE | |
| Formatted contents note | Performance evaluation in facilities management: using the balanced scorecard approach |
| 505 2# - FORMATTED CONTENTS NOTE | |
| Formatted contents note | Performance indicators of professional services used by clients |
| 505 ## - FORMATTED CONTENTS NOTE | |
| Formatted contents note | Practitioners' opinions on a new construction process model |
| 505 ## - FORMATTED CONTENTS NOTE | |
| Formatted contents note | Public sector facilities management strategy |
| 505 ## - FORMATTED CONTENTS NOTE | |
| Formatted contents note | The effects of smoke on escape route lighting and way - guidance provision |
| 505 ## - FORMATTED CONTENTS NOTE | |
| Formatted contents note | The use of multimedia technologies in surveying |
| 520 ## - SUMMARY, ETC. | |
| Summary, etc. | A series of papers on different aspects of construction presented at COBRA 2000. View at www.rics.org. Some of the papers are not available. |
| 650 ## - SUBJECT ADDED ENTRY--TOPICAL TERM | |
| Topical term or geographic name entry element | BUILDING SURVEYORS |
| 650 ## - SUBJECT ADDED ENTRY--TOPICAL TERM | |
| Topical term or geographic name entry element | CONSTRUCTION PROJECT ORGANISATION |
| 650 ## - SUBJECT ADDED ENTRY--TOPICAL TERM | |
| Topical term or geographic name entry element | CONTRACTOR PREQUALIFICATION |
| 650 ## - SUBJECT ADDED ENTRY--TOPICAL TERM | |
| Topical term or geographic name entry element | EMERGENCY LIGHTING |
| 650 ## - SUBJECT ADDED ENTRY--TOPICAL TERM | |
| Topical term or geographic name entry element | ESCAPE ROUTES |
| 650 ## - SUBJECT ADDED ENTRY--TOPICAL TERM | |
| Topical term or geographic name entry element | LATHAM REFORMS |
| 650 ## - SUBJECT ADDED ENTRY--TOPICAL TERM | |
| Topical term or geographic name entry element | MARKETING |
| 650 ## - SUBJECT ADDED ENTRY--TOPICAL TERM | |
| Topical term or geographic name entry element | OBSOLETE OFFICES |
| 650 ## - SUBJECT ADDED ENTRY--TOPICAL TERM | |
| Topical term or geographic name entry element | PARTNERING |
| 650 ## - SUBJECT ADDED ENTRY--TOPICAL TERM | |
| Topical term or geographic name entry element | QUANTITY SURVEYORS |
| 650 ## - SUBJECT ADDED ENTRY--TOPICAL TERM | |
| Topical term or geographic name entry element | REPUBLIC OF SOUTH AFRICA |
| 650 ## - SUBJECT ADDED ENTRY--TOPICAL TERM | |
| Topical term or geographic name entry element | RISK MANAGEMENT |
| 650 ## - SUBJECT ADDED ENTRY--TOPICAL TERM | |
| Topical term or geographic name entry element | TENDERING |
| 650 ## - SUBJECT ADDED ENTRY--TOPICAL TERM | |
| Topical term or geographic name entry element | VALUE MANAGEMENT |
| 690 ## - LOCAL SUBJECT ADDED ENTRY--TOPICAL TERM (OCLC, RLIN) | |
| Topical term or geographic name as entry element | BUILT ENVIRONMENT |
| 700 ## - ADDED ENTRY--PERSONAL NAME | |
| Personal name | Pinder $, ames |
| 700 ## - ADDED ENTRY--PERSONAL NAME | |
| Personal name | Wilkinson, Sara J. |
| 700 ## - ADDED ENTRY--PERSONAL NAME | |
| Personal name | Leung, Mei-Yung |
| 700 ## - ADDED ENTRY--PERSONAL NAME | |
| Personal name | Wong, Man-Shun |
| 700 ## - ADDED ENTRY--PERSONAL NAME | |
| Personal name | Egbu, Charles |
| 700 ## - ADDED ENTRY--PERSONAL NAME | |
| Personal name | Serafinska, Zofia |
| 700 ## - ADDED ENTRY--PERSONAL NAME | |
| Personal name | Nkado, Raymond N. |
| 700 ## - ADDED ENTRY--PERSONAL NAME | |
| Personal name | Kotze, Mada |
| 700 ## - ADDED ENTRY--PERSONAL NAME | |
| Personal name | Wong, Chee |
| 700 ## - ADDED ENTRY--PERSONAL NAME | |
| Personal name | Holt, Gary D. |
| 700 ## - ADDED ENTRY--PERSONAL NAME | |
| Personal name | Harris, Phil |
| 700 ## - ADDED ENTRY--PERSONAL NAME | |
| Personal name | Khalfan, Malik M. A. |
| 700 ## - ADDED ENTRY--PERSONAL NAME | |
| Personal name | Anumba, Chimay J. |
| 700 ## - ADDED ENTRY--PERSONAL NAME | |
| Personal name | Price, Andrew |
| 700 ## - ADDED ENTRY--PERSONAL NAME | |
| Personal name | Yisa, Silas |
| 700 ## - ADDED ENTRY--PERSONAL NAME | |
| Personal name | Odunbaku, Stephen |
| 700 ## - ADDED ENTRY--PERSONAL NAME | |
| Personal name | Pickrell, Simone |
| 700 ## - ADDED ENTRY--PERSONAL NAME | |
| Personal name | Parvar, Jamshid |
| 700 ## - ADDED ENTRY--PERSONAL NAME | |
| Personal name | Lowe, David |
| 700 ## - ADDED ENTRY--PERSONAL NAME | |
| Personal name | Emsley, Margaret W. |
| 700 ## - ADDED ENTRY--PERSONAL NAME | |
| Personal name | Duff, Roy |
| 700 ## - ADDED ENTRY--PERSONAL NAME | |
| Personal name | Hill, Chris |
| 700 ## - ADDED ENTRY--PERSONAL NAME | |
| Personal name | Poon, Joanna |
| 700 ## - ADDED ENTRY--PERSONAL NAME | |
| Personal name | Potts, Keith F. |
| 700 ## - ADDED ENTRY--PERSONAL NAME | |
| Personal name | Cooper, Patricia |
| 700 ## - ADDED ENTRY--PERSONAL NAME | |
| Personal name | Featherstone, Paul |
| 700 ## - ADDED ENTRY--PERSONAL NAME | |
| Personal name | Wright, M.S. |
| 700 ## - ADDED ENTRY--PERSONAL NAME | |
| Personal name | Cook, G. K. |
| 700 ## - ADDED ENTRY--PERSONAL NAME | |
| Personal name | Webber, G.M.B. |
| 700 ## - ADDED ENTRY--PERSONAL NAME | |
| Personal name | Jones, K. G. |
| 700 ## - ADDED ENTRY--PERSONAL NAME | |
| Personal name | Burrows, C.A. |
| 710 ## - ADDED ENTRY--CORPORATE NAME | |
| Corporate name or jurisdiction name as entry element | Royal Institution of Chartered Surveyors |
| Subordinate unit | Research Foundation |
| 9 (RLIN) | 3861 |
| 942 ## - ADDED ENTRY ELEMENTS (KOHA) | |
| Suppress in OPAC | 0 |
| Source of classification or shelving scheme | Dewey Decimal Classification |
| Withdrawn status | Lost status | Source of classification or shelving scheme | Damaged status | Not for loan | Home library | Current library | Shelving location | Date acquired | Total Checkouts | Full call number | Barcode | Date last seen | Copy number | Price effective from | Koha item type |
|---|---|---|---|---|---|---|---|---|---|---|---|---|---|---|---|
| Dewey Decimal Classification | Virtual | Virtual | Online | 04/12/2002 | ONLINE PUBLICATION | 107831-2001 | 06/08/2019 | 1 | 06/08/2019 | Book |